| 000 | 00549nam a2200181Ia 4500 | ||
|---|---|---|---|
| 008 | 090124s9999 xx 000 0 und d | ||
| 082 | _b112006 | ||
| 100 | _aकिणीकर रॉय | ||
| 245 | _a दर्यावर्दी कोलंबस | ||
| 250 | _a1 | ||
| 260 | _c1967 | ||
| 300 | _a157 | ||
| 600 | _aकिणीकर रॉय | ||
| 630 | _a दर्यावर्दी कोलंबस | ||
| 700 | _aकिणीकर रॉय | ||
| 730 | _a दर्यावर्दी कोलंबस | ||
| 942 | _cBOOK | ||
| 999 |
_c158097 _d158097 |
||